La provisión de recursos de información para los usuarios de bibliotecas / (Record no. 191625)

MARC details
000 -LEADER
campo de control de longitud fija 01232nam a2200313 4500
001 - NÚMERO DE CONTROL
campo de control 191625
003 - IDENTIFICADOR DE NÚMERO DE CONTROL
campo de control SpMaBN
005 - FECHA Y HORA DE LA ÚLTIMA TRANSACCIÓN
campo de control 20250825092654.0
008 - DATOS DE LONGITUD FIJA--INFORMACIÓN GENERAL
campo de control de longitud fija 221005s2003 sp | o||| ||spa
016 7# - NÚMERO DE CONTROL DE UNA AGENCIA BIBLIOGRÁFICA NACIONAL
Número de control del registro bimoBNE20040015556 [
Fuente SpMaBN]
017 ## - NÚMERO DE COPYRIGHT O DE DEPÓSITO LEGAL
Número de copyright o de depósito legal L 821-2003
Agencia que asigna Oficina Depósito Legal Lleida
020 ## - NÚMERO INTERNACIONAL ESTÁNDAR DEL LIBRO
Número Internacional Estándar del Libro 84-9743-079-4
035 ## - NÚMERO DE CONTROL DEL SISTEMA
Número de control de sistema (OCoLC)53937533
040 ## - FUENTE DE CATALOGACIÓN
Centro catalogador/agencia de origen SpMaBN
Lengua de catalogación spa
Centro/agencia transcriptor SpMaBN
Normas de descripción rdc
080 ## - NÚMERO DE LA CLASIFICACIÓN DECIMAL UNIVERSAL
Número de la Clasificación Decimal Universal 025.2
100 1# - ENTRADA PRINCIPAL--NOMBRE DE PERSONA
Nombre de persona Spiller, David.
9 (RLIN) 175369
245 13 - MENCIÓN DEL TÍTULO
Título La provisión de recursos de información para los usuarios de bibliotecas /
Mención de responsabilidad, etc. David Spiller ; revisado por Col·legi Oficial de Bibliotecaris-Documentalistes de Catalunya ; [traducción, Josep Tarragona i Castells].
250 ## - MENCION DE EDICION
Mención de edición 1ª ed.
260 ## - PUBLICACIÓN, DISTRIBUCIÓN, ETC.
Lugar de publicación, distribución, etc. [Lérida] :
Nombre del editor, distribuidor, etc. Milenio ;
Lugar de publicación, distribución, etc. [Barcelona] :
Nombre del editor, distribuidor, etc. Diputación de Barcelona,
Fecha de publicación, distribución, etc. 2003.
300 ## - DESCRIPCIÓN FÍSICA
Extensión 258 p. ;
Dimensiones 24 cm.
504 ## - NOTA DE BIBLIOGRAFÍA, ETC.
Nota de bibliografía, etc. Bibliografía: p. [253]-258.
594 ## - Nota al título y mención de responsabilidad
Nota al título y mención de responsabilidad Traducción de: Providing materials for library users
650 #7 - PUNTO DE ACCESO ADICIONAL DE MATERIA--TÉRMINO DE MATERIA
Término de materia o nombre geográfico como elemento de entrada Selección de libros (Bibliotecas)
Fuente del encabezamiento o término embne
9 (RLIN) 175370
650 #7 - PUNTO DE ACCESO ADICIONAL DE MATERIA--TÉRMINO DE MATERIA
Término de materia o nombre geográfico como elemento de entrada Adquisiciones (Bibliotecas)
9 (RLIN) 196225
852 ## - LOCALIZACIÓN
Ubicación ES-MaACL
Número de control de estantería A-15042
itemnumber 198909
Sublocalización o colección R.133948
Ubicación en estantería Depósito 1
Signatura antigua Olim: 025.2 SPI pro
942 ## - ELEMENTOS DE ENTRADA SECUNDARIOS (KOHA)
Fuente del sistema de clasificación o colocación Clasificación decimal universal
Holdings
Estatus retirado Estado de pérdida Fuente del sistema de clasificación o colocación Estado de daño No para préstamo Colección Biblioteca de origen Biblioteca actual Ubicación en estantería Fecha de adquisición Fuente de adquisición Total de préstamos Signatura topográfica completa Código de barras Visto por última vez Precio de reemplazo Tipo de ítem Koha
    Clasificación decimal universal     Biblioteca profesional Biblioteca del Ateneo de Madrid Biblioteca del Ateneo de Madrid Depósito 1 05/10/2022 Compra   A-15042 1204076 23/02/2023 23/02/2023 Libro impreso